00253nam a2200097Ia 4500082000800000245002700008100005300035942000700088008004100095999001900136 aKEL 0aBruid vir La Provence  a KELSEY, Madelein Pretoria, 1994 913990 cBK210817s9999 xx 000 0 und d c414831d414830